00736nam a2200205Ia 4500003000900000005001700009008004100026020001800067040001600085080001500101100002500116245011800141260002600259300001300285650004100298650003100339942001200370999001500382952013300397IN-BaIIA20250109104235.0211028s9999 xx 000 0 eng d a0-471-32380-2 cIIA Library a524-1bGRA aGray, David F.98601 4aThe observation and analysis of stellar photospherescDavid F. Gray  aNew YorkbWileyc1976 axv,471p. aAstronomy and Astrophysics Thesaurus aStellar Photosphere911422 cBK2ddc c8072d8072 00104070aBANbBANcGENd1985-01-24g575.40l1m2o524-1/GRAp8907r2022-12-01s2022-04-29v575.40w1985-01-24yBKGRs. 575.40